01287nam a2200253 i 4500001000700000003000900007005001700016008004100033040003000074100003500104245016300139260009000302300002200392490004300414490005500457530003500512600003500547650003500582650004000617830004300657830005500700852018900755856008900944158551ES-MaACL20250813063333.0990917s1876 sp |||| | spa d aCCPB | B bspa cCCPB | B1 aMal Lara, Juan de, d1524-157110aDescripción de la Galera Real del Sermo. Sr. Don Juan de Austria.n1, pDescripción de la Galera Real del Sermo. Sr. D. Juan de Austria /cJuan de Malara. aSevilla : bSociedad de bibliófilos andaluces, c1876 (fFrancisco Álvarez y Cª) a535 p. ; c22 cm.1 aObras del maestro Juan de Malara ; v11 aSociedad de bibliófilos andaluces. Primera serie aDisponible en formato digital.14aAustria, Juan de (d1545-1578) 4aGaleras-zEspaña-xHistoria. 4aPatrimonio real-zEspaña-yS.XVI.0 aObras del maestro Juan de Malara ; v10 aSociedad de bibliófilos andaluces. Primera serie aES-MaACLjB-5548 z-- Enc. hol. z-- Ejemp. n. 55 de una tirada de 300, para el socio Juan José Diaz x-- Edic.: precede al tít.: Sociedad de Bibliófilos Andaluces. Primera serie uhttp://bdh-rd.bne.es/viewer.vm?id=0000001511&page=1 zBiblioteca Digital Hispánica